[Event "CZE-chT2C 1617"]
[Site "Czech Republic"]
[Date "2016.11.13"]
[Round "3.4"]
[White "Volak, Michal"]
[Black "Loskot, Petr"]
[Result "1/2-1/2"]
[WhiteElo "2143"]
[BlackElo "2086"]
[PlyCount "49"]
[EventDate "2016.10.09"]
[EventType "team-tourn"]
[EventRounds "11"]
[EventCountry "CZE"]
[SourceTitle "EXT 2022"]
[Source "ChessBase"]
[SourceDate "2021.10.06"]
[SourceVersion "1"]
[SourceVersionDate "2021.10.06"]
[SourceQuality "1"]
[WhiteTeam "Vlasim"]
[BlackTeam "Tabor"]
[WhiteTeamCountry "CZE"]
[BlackTeamCountry "CZE"]

1. d4 e6 2. c4 d5 3. Nc3 Nf6 4. Bg5 Be7 5. e3 Nbd7 6. Nf3 h6 7. Bh4 Ne4 8. Bxe7 Qxe7 9. Qc2 Nxc3 10. bxc3 0-0 11. Bd3 dxc4 12. Bxc4 c5 13. 0-0 b6 14. e4 Bb7 15. Qe2 Rac8 16. Bd3 Rc7 17. Rad1 Rfc8 18. Bb1 cxd4 19. cxd4 Qa3 20. Rfe1 Rc1 21. Qd2 Rxd1 22. Rxd1 Nf6 23. Re1 Qc3 24. Qd1 Qa3 25. Qd2 1/2-1/2

[Event "CZE-chT1W 1516"]
[Site "Czech Republic"]
[Date "2015.11.29"]
[Round "4.5"]
[White "Kopta, Pavel"]
[Black "Volak, Michal"]
[Result "1-0"]
[WhiteElo "2269"]
[BlackElo "2182"]
[PlyCount "113"]
[EventDate "2015.10.11"]
[EventType "team-tourn"]
[EventRounds "11"]
[EventCountry "CZE"]
[SourceTitle "EXT 2017"]
[Source "ChessBase"]
[SourceDate "2016.10.25"]
[SourceVersion "1"]
[SourceVersionDate "2016.10.25"]
[SourceQuality "1"]
[WhiteTeam "Praha Kobylisy"]
[BlackTeam "Vlasim"]
[WhiteTeamCountry "CZE"]
[BlackTeamCountry "CZE"]

1. d4 Nf6 2. c4 g6 3. Nc3 Bg7 4. e4 d6 5. Nf3 0-0 6. Be2 e5 7. 0-0 Nc6 8. d5 Ne7 9. b4 a5 10. bxa5 Rxa5 11. Nd2 Nd7 12. a4 f5 13. Ba3 Ra8 14. Nb3 b6 15. a5 bxa5 16. c5 Nf6 17. Nd2 fxe4 18. Ndxe4 Nf5 19. Bc4 Kh8 20. Qd3 Nxe4 21. Nxe4 dxc5 22. Bxc5 Nd6 23. f3 Nxc4 24. Bxf8 Bxf8 25. Qxc4 Ba6 26. Qc6 Bxf1 27. Rxf1 Rb8 28. h4 Bd6 29. Ng5 Qe8 30. Qc3 Qb5 31. Nf7+ Kg8 32. Nxd6 cxd6 33. Ra1 Qb4 34. Qd3 Qb2 35. Ra4 Qb1+ 36. Qxb1 Rxb1+ 37. Kf2 Rb5 38. Rc4 Rc5 39. Ra4 Rxd5 40. Ke3 Kf7 41. Ra2 Ke6 42. g4 h5 43. gxh5 gxh5 44. f4 Rb5 45. fxe5 dxe5 46. Ra3 Kf5 47. Kf3 Rd5 48. Ra4 e4+ 49. Ke3 Re5 50. Ra1 Kg4 51. Rg1+ Kxh4 52. Kf4 Kh3 53. Kxe5 Kh2 54. Ra1 h4 55. Kxe4 Kg2 56. Kf4 h3 57. Ra2+ 1-0

[Event "CZE-chT2C 1213"]
[Site "Czech Republic"]
[Date "2012.12.16"]
[Round "5.1"]
[White "Volak, Michal"]
[Black "Havlik, Jan"]
[Result "1/2-1/2"]
[WhiteElo "2176"]
[BlackElo "2325"]
[PlyCount "40"]
[EventDate "2012.10.14"]
[EventType "team-tourn"]
[EventRounds "11"]
[EventCountry "CZE"]
[SourceTitle "EXT 2015"]
[Source "ChessBase"]
[SourceDate "2014.11.20"]
[SourceVersion "1"]
[SourceVersionDate "2014.11.20"]
[SourceQuality "1"]
[WhiteTeam "Vlasim"]
[BlackTeam "Pisek"]
[WhiteTeamCountry "CZE"]
[BlackTeamCountry "CZE"]

1. d4 Nf6 2. c4 g6 3. Nc3 Bg7 4. e4 d6 5. Nf3 0-0 6. Be2 e5 7. 0-0 Nc6 8. d5 Ne7 9. Ne1 Ne8 10. Nd3 f5 11. b4 h5 12. a4 f4 13. Ba3 Kh7 14. Rc1 Ng8 15. c5 Ngf6 16. f3 g5 17. Nf2 Rf7 18. a5 Bf8 19. Na4 Rg7 20. h3 b6 1/2-1/2

[Event "Brno op 1st"]
[Site "Brno"]
[Date "2010.11.17"]
[Round "5"]
[White "Ziabari, Morteza"]
[Black "Volak, Michal"]
[Result "1/2-1/2"]
[WhiteElo "1935"]
[BlackElo "2200"]
[PlyCount "23"]
[EventDate "2010.11.14"]
[EventType "swiss"]
[EventRounds "9"]
[EventCountry "CZE"]
[SourceTitle "EXT 2011"]
[Source "ChessBase"]
[SourceDate "2010.11.26"]
[SourceVersion "1"]
[SourceVersionDate "2010.11.26"]
[SourceQuality "1"]

1. e4 c5 2. Nc3 Nc6 3. f4 g6 4. Nf3 Bg7 5. Bb5 Nd4 6. Bc4 e6 7. e5 Nxf3+ 8. Qxf3 d5 9. exd6 Qxd6 10. Ne4 Qc7 11. Bb5+ Bd7 12. Bxd7+ 1/2-1/2

[Event "Brno op 1st"]
[Site "Brno"]
[Date "2010.11.15"]
[Round "2"]
[White "Volak, Michal"]
[Black "Sladek, Vladislav"]
[Result "1/2-1/2"]
[WhiteElo "2200"]
[BlackElo "2030"]
[PlyCount "59"]
[EventDate "2010.11.14"]
[EventType "swiss"]
[EventRounds "9"]
[EventCountry "CZE"]
[SourceTitle "EXT 2011"]
[Source "ChessBase"]
[SourceDate "2010.11.26"]
[SourceVersion "1"]
[SourceVersionDate "2010.11.26"]
[SourceQuality "1"]

1. d4 d5 2. c4 e5 3. dxe5 d4 4. Nf3 Nc6 5. g3 Nge7 6. Bg2 Ng6 7. 0-0 Ngxe5 8. Nbd2 Be7 9. a3 a5 10. b3 0-0 11. Bb2 Re8 12. Re1 Nxf3+ 13. Nxf3 Bf6 14. Qd3 Bg4 15. Rad1 Bxf3 16. Qxf3 Qe7 17. Qf5 a4 18. b4 Rad8 19. Bxc6 bxc6 20. Qc2 Qe6 21. Kg2 h5 22. Rd3 h4 23. Bc1 c5 24. bxc5 h3+ 25. Kf1 Qc6 26. f3 Qxc5 27. Qxa4 g5 28. Qb5 Re5 29. Qb4 Qc6 30. Bd2 1/2-1/2

[Event "Klatovy op-A"]
[Site "Klatovy"]
[Date "2007.07.07"]
[Round "8"]
[White "Volak, Michal"]
[Black "Kubecka, David"]
[Result "0-1"]
[WhiteElo "2147"]
[BlackElo "2264"]
[PlyCount "86"]
[EventDate "2007.06.30"]
[EventType "swiss"]
[EventRounds "9"]
[EventCountry "CZE"]
[SourceTitle "CBM 119 Extra"]
[Source "ChessBase"]
[SourceDate "2007.09.04"]
[SourceVersion "1"]
[SourceVersionDate "2007.09.04"]
[SourceQuality "1"]

1. d4 Nf6 2. c4 g6 3. Nc3 Bg7 4. e4 d6 5. Nf3 0-0 6. Be2 e5 7. 0-0 Nbd7 8. Rb1 a5 9. b3 Re8 10. d5 Nc5 11. Nd2 Bh6 12. Qc2 Rf8 13. a3 Ne8 14. b4 axb4 15. axb4 Na6 16. Ba3 f5 17. Rb3 Bxd2 18. Qxd2 f4 19. Rc1 g5 20. Qd1 Nf6 21. h3 Rf7 22. c5 Rg7 23. Bg4 Nxg4 24. hxg4 h5 25. gxh5 g4 26. Kf1 Rh7 27. Ke2 Rxh5 28. Qd3 Qg5 29. Qb1 b6 30. Nb5 bxc5 31. bxc5 dxc5 32. Kd3 Rh2 33. Rg1 Bd7 34. Nc3 Qg6 35. Rb2 Kg7 36. Qe1 Rhh8 37. Rh1 Rhb8 38. Rxb8 Rxb8 39. Qa1 Qb6 40. Rh5 Nb4+ 41. Kd2 c4 42. Ne2 Nd3 43. Rxe5 Qa5+ 0-1

[Event "Klatovy op-A"]
[Site "Klatovy"]
[Date "2007.07.06"]
[Round "7"]
[White "Volak, Michal"]
[Black "Plat, Vojtech"]
[Result "1/2-1/2"]
[WhiteElo "2147"]
[BlackElo "2284"]
[PlyCount "60"]
[EventDate "2007.06.30"]
[EventType "swiss"]
[EventRounds "9"]
[EventCountry "CZE"]
[SourceTitle "CBM 119 Extra"]
[Source "ChessBase"]
[SourceDate "2007.09.04"]
[SourceVersion "1"]
[SourceVersionDate "2007.09.04"]
[SourceQuality "1"]

1. d4 Nf6 2. c4 g6 3. Nc3 d5 4. Nf3 Bg7 5. Bg5 Ne4 6. Bf4 Nxc3 7. bxc3 0-0 8. e3 c6 9. Be2 Qa5 10. Qb3 Nd7 11. 0-0 Nf6 12. Be5 Ne4 13. Bxg7 Kxg7 14. Rfc1 Bg4 15. Qc2 Nd6 16. c5 Ne4 17. Ne5 Bxe2 18. Qxe2 Qc7 19. c4 e6 20. Nd3 Rfd8 21. Rab1 Rab8 22. Rb3 Nf6 23. Ne5 Nd7 24. cxd5 exd5 25. Nxd7 Rxd7 26. Qb2 Re8 27. Qa3 a6 28. Qb2 f5 29. g3 Ree7 30. Qd2 Rf7 1/2-1/2

[Event "Klatovy op-A"]
[Site "Klatovy"]
[Date "2007.07.04"]
[Round "5"]
[White "Volak, Michal"]
[Black "Folkova, Martina"]
[Result "1-0"]
[WhiteElo "2147"]
[BlackElo "2195"]
[PlyCount "63"]
[EventDate "2007.06.30"]
[EventType "swiss"]
[EventRounds "9"]
[EventCountry "CZE"]
[SourceTitle "CBM 119 Extra"]
[Source "ChessBase"]
[SourceDate "2007.09.04"]
[SourceVersion "1"]
[SourceVersionDate "2007.09.04"]
[SourceQuality "1"]

1. d4 d5 2. c4 e6 3. Nc3 c6 4. Nf3 dxc4 5. a4 Bb4 6. e3 b5 7. Be2 Nf6 8. 0-0 Bxc3 9. bxc3 0-0 10. Qc2 Qc7 11. e4 h6 12. Bd2 Nbd7 13. Rfb1 Rb8 14. g3 Rb7 15. Bf4 Qd8 16. Rb2 bxa4 17. Rxb7 Bxb7 18. Bd6 Re8 19. e5 Nd5 20. Rxa4 a6 21. Nd2 c5 22. dxc5 f6 23. Bh5 fxe5 24. Rxc4 Bc6 25. Re4 N5f6 26. Bxe8 Bxe4 27. Nxe4 Nxe8 28. Qa4 Qc8 29. Qb3 Kf7 30. c4 Qc6 31. Qf3+ Nef6 32. Ng5+ 1-0

[Event "CZE-chT2a 0607"]
[Site "Czech Republic"]
[Date "2007.01.14"]
[Round "6.3"]
[White "Belaska, Premysl"]
[Black "Volak, Michal"]
[Result "0-1"]
[WhiteElo "2272"]
[BlackElo "2147"]
[PlyCount "66"]
[EventDate "2006.10.15"]
[EventType "team"]
[EventRounds "11"]
[EventCountry "CZE"]
[SourceTitle "EXT 2009"]
[Source "ChessBase"]
[SourceDate "2008.11.26"]
[SourceVersion "1"]
[SourceVersionDate "2008.11.26"]
[SourceQuality "1"]
[WhiteTeam "Kobylisy"]
[BlackTeam "Tabor II"]
[WhiteTeamCountry "CZE"]
[BlackTeamCountry "CZE"]

1. e4 c5 2. Nf3 d6 3. d4 cxd4 4. Nxd4 Nf6 5. Nc3 a6 6. Bg5 e6 7. f4 Qc7 8. Qf3 Nbd7 9. 0-0-0 Be7 10. g4 b5 11. Bxf6 gxf6 12. Bg2 Bb7 13. Rhe1 Nb6 14. a3 Nc4 15. f5 e5 16. Nb3 Rc8 17. Rd3 Qc6 18. Re2 a5 19. Nd5 b4 20. axb4 axb4 21. Nxb4 Qa4 22. Nd5 Qa2 23. Rc3 Qxb2+ 24. Kd1 Qb1+ 25. Nc1 Bxd5 26. exd5 Bd8 27. Rb3 Nb2+ 28. Rxb2 Qxb2 29. g5 fxg5 30. f6 Ra8 31. c3 Qb6 32. Bh3 h5 33. Be6 Rh6 0-1

[Event "Klatovy op-A"]
[Site "Klatovy"]
[Date "2005.07.08"]
[Round "7"]
[White "Volak, Michal"]
[Black "Palek, Miroslav"]
[Result "1/2-1/2"]
[WhiteElo "2175"]
[BlackElo "2282"]
[PlyCount "33"]
[EventDate "2005.07.02"]
[EventType "swiss"]
[EventRounds "9"]
[EventCountry "CZE"]
[SourceTitle "CBM 107 Extra"]
[Source "ChessBase"]
[SourceDate "2005.09.01"]
[SourceVersion "1"]
[SourceVersionDate "2005.09.01"]
[SourceQuality "1"]

1. d4 Nf6 2. c4 e6 3. Nf3 Bb4+ 4. Nbd2 d5 5. a3 Be7 6. Qc2 b6 7. e4 dxe4 8. Nxe4 Bb7 9. Bd3 Nbd7 10. 0-0 0-0 11. Rd1 Qc8 12. Bf4 Nxe4 13. Bxe4 Nf6 14. Bxb7 Qxb7 15. Re1 c5 16. dxc5 Bxc5 17. b4 1/2-1/2

[Event "Klatovy op-A"]
[Site "Klatovy"]
[Date "2005.07.06"]
[Round "5"]
[White "Volak, Michal"]
[Black "Trmal, Jaroslav"]
[Result "1/2-1/2"]
[WhiteElo "2175"]
[BlackElo "2293"]
[PlyCount "65"]
[EventDate "2005.07.02"]
[EventType "swiss"]
[EventRounds "9"]
[EventCountry "CZE"]
[SourceTitle "CBM 107 Extra"]
[Source "ChessBase"]
[SourceDate "2005.09.01"]
[SourceVersion "1"]
[SourceVersionDate "2005.09.01"]
[SourceQuality "1"]

1. d4 Nf6 2. c4 e6 3. Nf3 b6 4. a3 Bb7 5. Nc3 d5 6. Bg5 Be7 7. Qc2 0-0 8. e3 Nbd7 9. Be2 h6 10. Bh4 a6 11. cxd5 exd5 12. 0-0 c5 13. dxc5 bxc5 14. Rfd1 Rc8 15. Qb3 Qb6 16. Qxb6 Nxb6 17. Ne5 Rfd8 18. Ng4 Rc6 19. Bf3 Kf8 20. Nxf6 Bxf6 21. Bxf6 Rxf6 22. b4 cxb4 23. axb4 Rfd6 24. Na4 Nxa4 25. Rxa4 Rb6 26. Be2 Rc8 27. Rda1 Rc2 28. Kf1 Rb2 29. Bxa6 Bc6 30. b5 R6xb5 31. Bxb5 Bxb5+ 32. Ke1 Bxa4 33. Rxa4 1/2-1/2

[Event "CZE-chT2V 0203"]
[Site "Czech Republic"]
[Date "2003.??.??"]
[Round "1"]
[White "Volak, Michal"]
[Black "Kacirek, Petr"]
[Result "1/2-1/2"]
[WhiteElo "2151"]
[BlackElo "2305"]
[PlyCount "82"]
[EventDate "2002.10.??"]
[EventType "team"]
[EventRounds "11"]
[EventCountry "CZE"]
[SourceTitle "EXT 2007"]
[Source "ChessBase"]
[SourceDate "2006.11.23"]
[SourceVersion "1"]
[SourceVersionDate "2006.11.23"]
[SourceQuality "1"]
[WhiteTeam "Vlasim"]
[BlackTeam "Rychnov nad Kneznou"]
[WhiteTeamCountry "CZE"]
[BlackTeamCountry "CZE"]

1. d4 e6 2. c4 Nf6 3. Nf3 Bb4+ 4. Nbd2 b6 5. a3 Bxd2+ 6. Nxd2 Bb7 7. Qc2 d6 8. e4 Nbd7 9. Be2 e5 10. d5 a5 11. b3 0-0 12. 0-0 Qe7 13. Rb1 Ne8 14. b4 g6 15. Rb3 Ng7 16. Bb2 Bc8 17. f4 axb4 18. axb4 exf4 19. Rxf4 f5 20. Qc3 Ne5 21. exf5 Bxf5 22. Rf1 Rae8 23. Ra3 Rf7 24. Raa1 Nd7 25. Bf3 Qe3+ 26. Qxe3 Rxe3 27. Rfe1 Rfe7 28. Kf2 Rxe1 29. Rxe1 Rxe1 30. Kxe1 Kf7 31. Ke2 g5 32. Be4 Bg4+ 33. Kd3 h6 34. Bf3 Bf5+ 35. Be4 Bg4 36. h3 Bd1 37. Nf3 Bxf3 38. Bxf3 Nf6 39. g4 Nge8 40. Ke3 Nd7 41. Be4 Nef6 1/2-1/2

[Event "CZE-chT2V 0203"]
[Site "Czech Republic"]
[Date "2003.??.??"]
[Round "2"]
[White "Volak, Michal"]
[Black "Tuma, Jiri"]
[Result "0-1"]
[WhiteElo "2151"]
[BlackElo "2172"]
[PlyCount "80"]
[EventDate "2002.10.??"]
[EventType "team"]
[EventRounds "11"]
[EventCountry "CZE"]
[SourceTitle "EXT 2007"]
[Source "ChessBase"]
[SourceDate "2006.11.23"]
[SourceVersion "1"]
[SourceVersionDate "2006.11.23"]
[SourceQuality "1"]
[WhiteTeam "Vlasim"]
[BlackTeam "Havlickuv Brod"]
[WhiteTeamCountry "CZE"]
[BlackTeamCountry "CZE"]

1. d4 d5 2. c4 c6 3. Nf3 Nf6 4. Nc3 e6 5. e3 Nbd7 6. Bd3 dxc4 7. Bxc4 b5 8. Bd3 Bb7 9. e4 b4 10. Na4 c5 11. e5 Nd5 12. dxc5 Nxc5 13. Nxc5 Bxc5 14. 0-0 h6 15. Qe2 Qb6 16. Bd2 Ke7 17. Ne1 Rhd8 18. Kh1 Kf8 19. f4 Be3 20. Rf3 Bxd2 21. Qxd2 Ne7 22. Rh3 Rac8 23. a3 b3 24. Qe3 Qxe3 25. Rxe3 Rd4 26. Rd1 Rxf4 27. Bb5 Bd5 28. Kg1 Nf5 29. Rc3 Rxc3 30. bxc3 Ne3 31. Rb1 Rf5 32. Nf3 g5 33. Kf2 Nxg2 34. Kxg2 Rxf3 35. c4 Be4 36. Rb2 Rf5+ 37. Kg1 Bc2 38. Ba4 Rxe5 39. Bxb3 Bxb3 40. Rxb3 Ra5 0-1

[Event "CZE-chTJ 0102"]
[Site "Czech Republic"]
[Date "2001.??.??"]
[Round "1"]
[White "Mikuev, Erenzen"]
[Black "Volak, Michal"]
[Result "1/2-1/2"]
[WhiteElo "2274"]
[BlackElo "2175"]
[PlyCount "65"]
[EventDate "2001.??.??"]
[EventType "team"]
[EventRounds "11"]
[EventCountry "CZE"]
[SourceTitle "EXT 2003"]
[Source "ChessBase"]
[SourceDate "2002.11.25"]
[SourceVersion "1"]
[SourceVersionDate "2002.11.25"]
[SourceQuality "1"]
[WhiteTeam "Praha Dukla II"]
[BlackTeam "Vlasim"]
[WhiteTeamCountry "CZE"]
[BlackTeamCountry "CZE"]

1. e4 c5 2. Nc3 d6 3. g3 Nc6 4. Bg2 g6 5. d3 Bg7 6. Be3 e6 7. Qd2 Rb8 8. Nge2 Nd4 9. Bxd4 cxd4 10. Nb5 Qb6 11. Qb4 Ke7 12. Qb3 a6 13. Na3 Qxb3 14. cxb3 Bd7 15. 0-0 e5 16. h3 h5 17. f4 Nh6 18. Rac1 Rhc8 19. Nc4 b5 20. Na5 Rxc1 21. Rxc1 Rc8 22. Rxc8 Bxc8 23. Nc6+ Kd7 24. Nb4 Bb7 25. Kf2 Ng8 26. g4 hxg4 27. hxg4 f6 28. g5 Ne7 29. Kg1 Ke6 30. f5+ Kf7 31. gxf6 Kxf6 32. fxg6 Nxg6 33. Nd5+ 1/2-1/2

[Event "CZE-chTJ 0102"]
[Site "Czech Republic"]
[Date "2001.??.??"]
[Round "1"]
[White "Spal, Milan"]
[Black "Volak, Michal"]
[Result "1/2-1/2"]
[WhiteElo "2282"]
[BlackElo "2175"]
[PlyCount "93"]
[EventDate "2001.??.??"]
[EventType "team"]
[EventRounds "11"]
[EventCountry "CZE"]
[SourceTitle "EXT 2003"]
[Source "ChessBase"]
[SourceDate "2002.11.25"]
[SourceVersion "1"]
[SourceVersionDate "2002.11.25"]
[SourceQuality "1"]
[WhiteTeam "Pisek"]
[BlackTeam "Vlasim"]
[WhiteTeamCountry "CZE"]
[BlackTeamCountry "CZE"]

1. e4 d6 2. f4 Nf6 3. Nc3 c6 4. Nf3 Qa5 5. d3 e5 6. f5 b5 7. Bd2 Qc7 8. Qe2 Nbd7 9. Nd1 Bb7 10. Nf2 h5 11. g3 d5 12. Ng5 d4 13. Bg2 Bd6 14. h3 Nb6 15. Bf3 0-0-0 16. Kf1 Qe7 17. Kg2 g6 18. Rag1 Nh7 19. Nxh7 Rxh7 20. g4 hxg4 21. hxg4 Rdh8 22. Qe1 g5 23. Rh5 f6 24. Rgh1 Nd7 25. R1h3 Kb8 26. Qh1 Nf8 27. Rxh7 Rxh7 28. Rxh7 Qxh7 29. Qh5 Bc8 30. Ba5 Bd7 31. Bd1 Qe7 32. c3 Be8 33. Qh8 Bf7 34. Bb3 Bxb3 35. axb3 Qf7 36. Bd8 Be7 37. Bxe7 Qxe7 38. Kf3 Kb7 39. Nh1 Qh7 40. Qxh7+ Nxh7 41. cxd4 exd4 42. Nf2 Kc7 43. e5 fxe5 44. Ne4 Kd7 45. b4 Ke7 46. Nc5 Kd6 47. Ne4+ 1/2-1/2

[Event "Klatovy op-A"]
[Site "Klatovy"]
[Date "2001.??.??"]
[Round "?"]
[White "Volak, Michal"]
[Black "Blecha, Miroslav"]
[Result "1/2-1/2"]
[WhiteElo "2185"]
[BlackElo "2070"]
[PlyCount "94"]
[EventDate "2001.07.??"]
[EventType "swiss"]
[EventRounds "9"]
[EventCountry "CZE"]
[SourceTitle "EXT 2006"]
[Source "ChessBase"]
[SourceDate "2005.11.24"]
[SourceVersion "1"]
[SourceVersionDate "2005.11.24"]
[SourceQuality "1"]

1. d4 Nf6 2. c4 g6 3. Nc3 Bg7 4. Nf3 0-0 5. g3 d6 6. Bg2 Nbd7 7. 0-0 c6 8. e4 e5 9. h3 exd4 10. Nxd4 Nc5 11. Re1 Re8 12. Bf4 Ne6 13. Nxe6 Bxe6 14. Qd3 Nd7 15. b3 Ne5 16. Qc2 Qf6 17. Rad1 Bxh3 18. Bxe5 Qxe5 19. Bxh3 Qxc3 20. Qxc3 Bxc3 21. Re3 Bb4 22. Bg2 Re5 23. Bf3 Rae8 24. Red3 h5 25. Kg2 Kg7 26. Rc1 Rh8 27. Rh1 Ra5 28. a4 Re5 29. Rdd1 a6 30. Ra1 Rf8 31. Ra2 Rfe8 32. Rd1 Ra5 33. Rc2 Re7 34. Kf1 Kh6 35. Kg2 Ree5 36. Rb1 Kg7 37. Rd1 Kf8 38. Kf1 Ke7 39. Kg2 Rac5 40. Ra2 Kd7 41. Kf1 Ra5 42. Rc2 b5 43. axb5 axb5 44. Kg2 Ra3 45. Rb1 Kc7 46. cxb5 Rxb5 47. e5 Rxe5 1/2-1/2

[Event "CZE-chTJ 0102"]
[Site "Czech Republic"]
[Date "2001.??.??"]
[Round "1"]
[White "Volak, Michal"]
[Black "Fiala, Robert"]
[Result "0-1"]
[WhiteElo "2175"]
[BlackElo "2278"]
[PlyCount "78"]
[EventDate "2001.??.??"]
[EventType "team"]
[EventRounds "11"]
[EventCountry "CZE"]
[SourceTitle "EXT 2003"]
[Source "ChessBase"]
[SourceDate "2002.11.25"]
[SourceVersion "1"]
[SourceVersionDate "2002.11.25"]
[SourceQuality "1"]
[WhiteTeam "Vlasim"]
[BlackTeam "Plzen Letna"]
[WhiteTeamCountry "CZE"]
[BlackTeamCountry "CZE"]

1. d4 d5 2. c4 dxc4 3. Nf3 Nf6 4. e3 e6 5. Bxc4 c5 6. 0-0 cxd4 7. exd4 Be7 8. Nc3 0-0 9. Bg5 a6 10. a3 b5 11. Bb3 Bb7 12. Re1 Nbd7 13. Ne5 Nb6 14. Qd3 Rc8 15. Bc2 g6 16. Qh3 Nh5 17. Bh6 Ng7 18. Bb3 Qxd4 19. Rad1 Qh4 20. Qxh4 Bxh4 21. Be3 Nc4 22. Bxc4 bxc4 23. Rd7 Ba8 24. Ra7 Nf5 25. Rxa6 Rfd8 26. Ra7 Nxe3 27. Rxe3 Bf6 28. h3 Bxe5 29. Rxe5 Rd2 30. Rb5 h5 31. a4 h4 32. a5 Rc2 33. Rb6 Rd8 34. Re7 Rdd2 35. Rb8+ Kg7 36. Rxa8 Rxf2 37. a6 Rxg2+ 38. Kf1 Rh2 39. Kg1 Rhd2 0-1

[Event "Klatovy op-A"]
[Site "Klatovy"]
[Date "2001.??.??"]
[Round "?"]
[White "Volak, Michal"]
[Black "Houska, Jiri"]
[Result "0-1"]
[WhiteElo "2185"]
[BlackElo "2060"]
[PlyCount "30"]
[EventDate "2001.07.??"]
[EventType "swiss"]
[EventRounds "9"]
[EventCountry "CZE"]
[SourceTitle "EXT 2006"]
[Source "ChessBase"]
[SourceDate "2005.11.24"]
[SourceVersion "1"]
[SourceVersionDate "2005.11.24"]
[SourceQuality "1"]

1. d4 Nf6 2. c4 g6 3. Nc3 Bg7 4. e4 0-0 5. f3 d6 6. Be3 Nc6 7. Nge2 a6 8. Qd2 Rb8 9. a4 Re8 10. Rd1 Bd7 11. Nc1 e5 12. d5 Nd4 13. Bxd4 exd4 14. Qxd4 Nxe4 15. Qxe4 Rxe4+ 0-1

[Event "Klatovy op-A"]
[Site "Klatovy"]
[Date "2001.??.??"]
[Round "?"]
[White "Volak, Michal"]
[Black "Stejskal, Pavel"]
[Result "1-0"]
[WhiteElo "2185"]
[BlackElo "1950"]
[PlyCount "41"]
[EventDate "2001.07.??"]
[EventType "swiss"]
[EventRounds "9"]
[EventCountry "CZE"]
[SourceTitle "EXT 2006"]
[Source "ChessBase"]
[SourceDate "2005.11.24"]
[SourceVersion "1"]
[SourceVersionDate "2005.11.24"]
[SourceQuality "1"]

1. d4 Nf6 2. c4 e6 3. Nf3 b6 4. a3 Bb7 5. Nc3 d5 6. Bg5 Be7 7. e3 0-0 8. Be2 Nbd7 9. 0-0 c5 10. Ne5 dxc4 11. Bxc4 cxd4 12. exd4 Nd5 13. Bxe7 Qxe7 14. Nxd5 exd5 15. Bb3 Qd6 16. Re1 Rfe8 17. Ba4 Bc8 18. Bc6 Rb8 19. Qa4 Re7 20. Nxd7 b5 21. Rxe7 1-0